| 000 | 00628nam a2200205Ii 4500 | ||
|---|---|---|---|
| 001 | 10426 | ||
| 003 | CO-ViMGA | ||
| 008 | 241108s9999||||xx |||||||||||||| ||und|| | ||
| 040 |
_aCO-ViMGA _bspa _erda _cCO-ViMGA |
||
| 041 | 0 | _aunk | |
| 082 | 0 | 4 | _a860.09-L333 |
| 100 | 1 |
_aMariano José de Larra _956190 |
|
| 245 | 1 | 0 | _aArticulos de crítica literaria y artistica |
| 264 | 1 | _a[Lugar de publicación no identificado] : Espasa Calpe, 1950 | |
| 300 | _avolumen | ||
| 336 |
_atext _btxt _2rdacontent |
||
| 337 |
_aunmediated _bn _2rdamedia |
||
| 338 |
_avolume _bnc _2rdacarrier |
||
| 940 | _aidficha_siabuc: 10174. -- ficha_no_siabuc:10426 | ||
| 999 |
_c54005 _d54005 |
||